| 000 | 01117cam a22002771i 4500 | ||
|---|---|---|---|
| 003 | SA-RiAUC | ||
| 005 | 20250727065926.0 | ||
| 008 | 250726s2001 su g 000 0 ara c | ||
| 040 |
_aSA-JeALM _bara _cSA-RiAUC _erda |
||
| 043 | _aa-su--- | ||
| 082 | 0 | 4 |
_a953.122 _qSA-RiAUC |
| 090 |
_a953.122 _b ع ز ا |
||
| 100 | 1 |
_aالعزامي، خليل إبراهيم ملا خاطر، _d1357 هجري- _eمؤلف. |
|
| 245 | 1 | 0 |
_aمختصر فضائل المدينة المنورة / _cخليل إبراهيم ملا خاطر العزامي. |
| 250 | _aالطبعة الثالثة. | ||
| 264 | 1 |
_aالمدينة المنورة : _bالميمني للتجارة والصناعة. _c2002 |
|
| 300 |
_a384 صفحة ؛ _c24 سم |
||
| 336 |
_aنص _btxt _2rdacontent _3كتاب |
||
| 337 |
_aبدون وسيط _bn _2rdamedia |
||
| 338 |
_aمجلد _bnc _2rdacarrier |
||
| 490 |
_aالمدرسة المدنية. _v13 |
||
| 651 | 7 |
_aالمدينة المنورة _xفضائل _2aucsh |
|
| 651 | 7 |
_aالمدينة المنورة _xفضائل _2aucsh |
|
| 942 |
_2ddc _cBOOK _n0 |
||
| 949 |
_aSA-JeALM _d250726 _umohamedma123 _n1 |
||
| 999 |
_c10337 _d10337 |
||